006190000a22001450004500090001700000245020200017041001400219700003200233700003500265700002700300100002600327942001300353773009000366999001700456 aAsbSeriadas10aInfluencia de la vegetación en la presencia, distribución y abundancia de criaderos de tres especies de Anopheles (Dip.: Culicidae) en la parte baja del río Naya, Costa Pacífica de Colombia0 aEspañol1 aGonzález , Ranulfo9923921 aHurtado , José Camilo9999611 aAlzate, Alberto9999621 aSolarte, Yesid999963 cARTICULO1 tBoletín del Museo de Entomología de la Universidad del Valleh1-2q55-72d1994g2 c15731d15731